Statistics for US Presidents by First Two Letters

Click here to take the quiz!

General Stats

  • This quiz has been taken 2,204 times
  • The average score is 30 of 44

Answer Stats

president% Correct
George Washington
95%
Donald Trump
91%
George H W Bush
90%
George W Bush
90%
Harry Truman
90%
James Buchanan
90%
Barack Obama
84%
John Adams
84%
John Quincy Adams
84%
Bill Clinton
83%
Grover Cleveland
83%
Andrew Johnson
81%
Lyndon B Johnson
81%
Franklin D Roosevelt
79%
Theodore Roosevelt
79%
Thomas Jefferson
79%
Abraham Lincoln
73%
John F Kennedy
73%
James Madison
72%
Andrew Jackson
71%
Benjamin Harrison
70%
Rutherford B Hayes
70%
Warren Harding
70%
William Henry Harrison
70%
William Taft
70%
Zachary Taylor
70%
Ronald Reagan
68%
James Monroe
66%
Richard Nixon
66%
Jimmy Carter
63%
Gerald Ford
62%
Dwight Eisenhower
57%
James K Polk
56%
John Tyler
54%
Ulysses S Grant
53%
Herbert Hoover
52%
Martin Van Buren
52%
Calvin Coolidge
48%
Woodrow Wilson
48%
Franklin Pierce
44%
James Garfield
41%
Millard Fillmore
41%
William McKinley
39%
Chester A Arthur
36%

Score Distribution

Percentile by Number Answered

Percent of People with Each Score

Your Score History

You have not taken this quiz